Catálogo
 En Linea

El imperio de la papa frita / (Registro nro. 45553)

Detalles MARC
000 -CABECERA
campo de control de longitud fija 01097nam a2200193 a 4500
001 - NÚMERO DE CONTROL
campo de control 000046064
005 - FECHA Y HORA DE LA ÚLTIMA TRANSACCIÓN
campo de control 20240307073949.0
008 - DATOS DE LONGITUD FIJA--INFORMACIÓN GENERAL
campo de control de longitud fija 150617s1989 dr 000 0 spa d
040 ## - FUENTE DE LA CATALOGACIÓN
Centro catalogador/agencia de origen DO-SdBNP
Lengua de catalogación spa
Centro/agencia transcriptor BNPHU
082 ## - NÚMERO DE LA CLASIFICACIÓN DECIMAL DEWEY
Número de clasificación xxxx
Número de documento/Ítem xxxx
100 1# - ENTRADA PRINCIPAL--NOMBRE DE PERSONA
Nombre de persona Villanueva Collado, Alfredo
9 (RLIN) 74136
245 13 - MENCIÓN DE TÍTULO
Título El imperio de la papa frita /
Mención de responsabilidad, etc. Alfredo Villanueva Collado ; prólogo William Rosa.
246 10 - FORMA VARIANTE DE TÍTULO
Título propio/Titulo breve En el imperio de la papa frita
260 ## - PUBLICACIÓN, DISTRIBUCIÓN, ETC.
Lugar de publicación, distribución, etc. Santo Domingo :
Nombre del editor, distribuidor, etc. Universitaria-UASD,
Fecha de publicación, distribución, etc. 1989.
300 ## - DESCRIPCIÓN FÍSICA
Extensión 46 p. ;
Dimensiones 21 cm.
505 0# - NOTA DE CONTENIDO CON FORMATO
Nota de contenido con formato Prólogo --
Título El exiliado --
-- La calle --
-- El agregado --
-- Bolero --
-- Octava avenida --
-- Plena --
-- Asimilismo --
-- Cuarenta y siete octava --
-- Muertos en la calle --
-- Uva Playera --
-- Madrugada --
-- Los nombres --
-- Recuerdos de mentira --
-- Estado cincuentaíno --
-- Bolero triste --
-- Meditación primera: el camaleón --
-- Algunas verdades duelen --
-- Meditación segunda: el pitirre --
-- Y todo el resto es literatura --
-- Diógenes --
-- Requiém para güiro y órgano.
700 12 - PUNTO DE ACCESO ADICIONAL--NOMBRE DE PERSONA
Nombre de persona Rosa, William,
Término indicativo de función/relación pról.
9 (RLIN) 74137
710 12 - PUNTO DE ACCESO ADICIONAL--NOMBRE DE ENTIDAD CORPORATIVA
Nombre de entidad corporativa o nombre de jurisdicción como elemento de entrada Universidad Autónoma de Santo Domingo
9 (RLIN) 72951
Existencias
Estado de retiro Estado de pérdida No para préstamo Código de colección Localización permanente Ubicación/localización actual Ubicación en estantería Fecha de adquisición Número de inventario Total de préstamos Signatura topográfica completa Código de barras Fecha visto por última vez Precio válido a partir de Tipo de ítem Koha Nota pública
    Excluido de préstamo Patrimonio Dominicano Patrimonio Dominicano Patrimonio Dominicano En catalogación 17.06.2015 LF1   xxxx xxxx 46064-10 25.06.2020 25.06.2020 Libro y Folleto Colección Patrimonio Dominicano Perteneció a la biblioteca personal de Erick Landestoy.

Con tecnología Koha